000 02148nam0a2200373 4500
001 RU\NLR\bibl\183339
005 20260406051848.0
010 _a5-06-003866-1
_97000
021 _aRU
_b2000-52252
_92412
035 _a(NLR Aleph) 000179945
090 _a1038720
_c1038720
100 _a20010917d2000 |||y0rusy50 ca
101 0 _arus
102 _aRU
105 _aa |||||||||
200 1 _aСопротивление материалов, теории упругости и пластичности
_eОсновы теории с примерами расчетов
_eУчеб. для студентов вузов, обучающихся по техн. специальностям
_fА.Е. Саргсян
205 _a2-е изд., испр. и доп.
210 _aМ.
_cВысш. шк.
_d2000
215 _a285,[1] c.
_cил.
_d22
320 _aБиблиогр.: с. 283
606 0 _aСопротивление материалов
_jРуководства, пособия и т.п. для высшей школы
_91104923
_3RU\NLR\auth\66115919
606 0 _aСопротивление материалов
_jУчебники для высших учебных заведений
_91104923
_3RU\NLR\auth\66115919
606 0 _aУпругость
_jРуководства, пособия и т.п. для высшей школы
_xТеория
_91336249
_3RU\NLR\auth\66241515
606 0 _aУпругости теория
_jУчебники для высших учебных заведений
_92127594
_3RU\NLR\auth\661284018
606 0 _aПластичность
_jРуководства, пособия и т.п. для высшей школы
_xТеория
_9984922
_3RU\NLR\auth\6653006
606 0 _aПластичности теория
_jУчебники для высших учебных заведений
_92172867
_3RU\NLR\auth\661306972
686 _aВ251.1я73-1
686 _aЖ121я73-1
700 1 _4070
_8rus
_7ca
_aСаргсян
_bА. Е.
_gАкоп Егишович
_3RU\NLR\auth\777022
_9116965
801 0 _aRU
_bNLR
_c20010917
_gPSBO
801 1 _aRU
_bNLR
_c20010917
942 _cBOOK
980 _aNB